| 000 | 00450nam a2200181Ia 4500 | ||
|---|---|---|---|
| 001 | 49108 | ||
| 008 | 140430s9999 xx 000 0 und d | ||
| 020 | _a9789693513790 | ||
| 040 | _cPK-LaUMT | ||
| 082 |
_a 891.4393 _bRAZ-S |
||
| 100 | _aRazia Butt | ||
| 245 |
_aShaainah (Urdu) _cRazia Butt |
||
| 260 |
_aLahore,Pakistan: _bSang-e-Meel Publications, _c2012 |
||
| 300 | _a469 p. | ||
| 546 | _aUR | ||
| 650 | _aUrdu literature-Novel | ||
| 942 | _cBK | ||
| 999 |
_c46878 _d46878 |
||